| 000 | 02464nam a2200289 4500 | ||
|---|---|---|---|
| 001 | 113681 | ||
| 003 | DR-UNIBE | ||
| 005 | 20260311062603.0 | ||
| 008 | 250526b2008 dr ||||| |||| 00| 0 spa d | ||
| 020 | _a9789993481393 | ||
| 040 |
_aBIBLIOTECA UNIBE _bspa _cBIBLIOTECA UNIBE |
||
| 041 | _aspa | ||
| 082 |
_222 _aRD 972.9304 V422c |
||
| 100 |
_aVega B., Wenceslao, _q(Vega Boyrie, Wenceslao Nicolás), _d1932- _eautor _9195939 |
||
| 245 | 1 | 3 |
_aLa constitución de Cádiz y Santo Domingo / _cWenceslao Vega B. |
| 260 |
_aSanto Domingo : _bFundación García Arévalo, _c2008 |
||
| 300 |
_a138 páginas : _bilustraciones, fotografías a blanco y negro ; _c23 cm. |
||
| 490 |
_aMonográfica ; _v33 |
||
| 504 | _aIncluye referencias bibliográficas (páginas: 132-133) e índice | ||
| 505 | 0 | _aPresentación | PRIMERA PARTE. LOS DIPUTADOS DOMINICANOS EN LAS CORTES DE CÁDIZ, 1810-1813 | 1. Introducción | 2. Breve reseña histórica de la época: España, América, Santo Domingo | 3. América y las Cortes de Cádiz | 4. El proceso electoral | 5. Biografías de los dos diputados por Santo Domingo en las Cortes Constitucionales de Cádiz | 6. Carácter de la diputación dominicana | 7. Bibliografía | Fotografías | Anexos | Anexo 1. Primeras páginas del acta de la sesión inaugural de las Cortes de Cádiz del 24 de septiembre de 1810, con la lista de los diputados asistentes | Anexo 2. Portada y últimas páginas con las firmas de la Constitución de Cádiz del 18 de marzo de 1812 | Anexo 3. Relación de los actos celebrados en Santo Domingo, los días 18 y 19 de julio de 1812, para la publicación y jura de la Constitución Española | Anexo 4. Defensa de José Álvarez de Toledo en el periódico "The Sun of Baltimore" | SEGUNDA PARTE - PRESENCIA DE LA CONSTITUCIÓN DE CÁDIZ DE 1812 EN LA PRIMERA CONSTITUCIÓN DOMINICANA | 1. Preámbulo | 2. Breve historia de Santo Domingo hasta 1812 | 3. La Constitución de Cádiz en Santo Domingo | 4. Influencia de la Constitución de Cádiz en la primera Constitución dominicana | Conclusiones | Bibliografía | |
| 651 | 7 |
_aRepública Dominicana _xHistoria _yEspaña Boba, 1809-1821 _9195940 |
|
| 651 | 7 |
_2lemb _aRepública Dominicana _xHistoria constitucional _9194322 |
|
| 651 | 7 |
_2lemb _aEspaña _xHistoria constitucional _9195941 |
|
| 700 | 1 |
_aChez Checo, José, _d1949- _ecuidado de edición _epresentación _915500 |
|
| 700 | 1 |
_aPou de García, Francis _ecoordinadora general _9195942 |
|
| 942 |
_2ddc _cBK |
||
| 999 |
_c113681 _d113681 |
||